Las morales de la historia
保存先:
| 第一著者: | |
|---|---|
| フォーマット: | 図書 |
| 言語: | スペイン語 |
| 出版事項: |
Barcelona
Paidós
1993
|
| シリーズ: | Paidós Básica, 60
|
| 主題: | |
| タグ: |
タグ追加
タグなし, このレコードへの初めてのタグを付けませんか!
|
MARC
| LEADER | 00000nam a2200000 a 4500 | ||
|---|---|---|---|
| 001 | UCR6919 | ||
| 003 | CL-VaPUC | ||
| 008 | 980424e19930000SP |||||||||||||||||spa|d | ||
| 020 | |a 8475098533 | ||
| 082 | 0 | 4 | |a 901 |b TOD |2 21 |
| 100 | 0 | |a Todorov, Tzvetan |e author |9 408125 | |
| 245 | 1 | 4 | |a Las morales de la historia |
| 300 | |a 278 p | ||
| 942 | |c BK | ||
| 945 | |d 19980424 00:00:00 |a rbrito | ||
| 260 | |a Barcelona |b Paidós |c 1993 | ||
| 650 | 0 | |a Filosofía de la historia |9 265651 | |
| 650 | 7 | |a DESCUBRIMIENTO Y EXPLORACION DE AMERICA |2 CL-VaPUC |9 408126 | |
| 650 | 7 | |a CIVILIZACION OCCIDENTAL |2 CL-VaPUC |9 315932 | |
| 650 | 0 | |a Conquista |9 339504 | |
| 650 | 0 | |a Democracia |9 255256 | |
| 650 | 0 | |a Libertad |9 255686 | |
| 583 | |a last modification |c 19980424 00:00:00 |k Rodrigo Vera | ||
| 490 | 0 | |a Paidós Básica, 60 | |
| 999 | |c 268809 |d 268807 | ||
| 952 | |0 0 |1 0 |4 0 |6 901_000000000000000_TOD_1993 |7 0 |8 A |9 302214 |a BIBART |b BIBART |d 2019-11-20 |i 3420558 |o 901 TOD 1993 |p 3420558 |r 2025-03-13 |w 2019-11-20 |y BK |k ART | ||